Zvyšovanie kompetencií zamestnancov malých a stredných podnikov pomocou evzdelávania diplomová práca
Salvato in:
| Autore principale: | |
|---|---|
| Ente Autore: | |
| Altri autori: | |
| Natura: | Libro |
| Lingua: | slovacco |
| Pubblicazione: |
Bratislava
2017
|
| Tags: |
Nessun Tag, puoi essere il primo ad aggiungerne!!
|
MARC
| LEADER | 00000nbm a2200000 4500 | ||
|---|---|---|---|
| 001 | 0232146 | ||
| 005 | 20171108130905.6 | ||
| 041 | 0 | |a slo | |
| 044 | |a SK | ||
| 245 | 1 | 0 | |a Zvyšovanie kompetencií zamestnancov malých a stredných podnikov pomocou evzdelávania |b diplomová práca |c Ľubomír Trnka ; školiteľ: Anikó Töröková |
| 264 | 1 | |a Bratislava |c 2017 | |
| 300 | |a 67 s. | ||
| 100 | 1 | |a Trnka, Ľubomír | |
| 700 | 1 | |a Töröková, Anikó, 1963- | |
| 710 | 2 | |a Fakulta podnikového manažmentu EU. Katedra informačného manažmentu | |